000 00540nam a22001697a 4500
003 OSt
005 20171010095455.0
008 120629t xxu||||| |||| 00| 0 eng d
040 _aMMSU
_cULS
100 _aPaz, June Darwin H.
_910933
245 _aReadability of reading texts
_cJune Darwin H. Paz
260 _c2008
300 _axi, [68] leaves
_c28 cm.
500 _aThesis (AB English Studies) -- Mariano Marcos State University-College of Arts & Sciences, Batac City
504 _aBibliography: leaves 39-40
942 _2lcc
_cTHEDIS
999 _c9616
_d9616